Piłkarski quiz transferowy 19! - Statystyki

Ogólne statystyki
  • Ten quiz został rozwiązany 39 razy
  • Średni wynik to 6 z 20
Statystyki odpowiedzi
Piłkarz (klub) Transfer do: % Poprawnych
Arturo Vidal (Bayer) Juventus
72%
Lucas Torreira (Pescara) Sampdoria
56%
Juan Cuadrado (Fiorentina) Chelsea
53%
Nacho Monreal (Malaga) Arsenal
50%
Bruno Fernandes (Udinese) Sampdoria
47%
Miralem Pjanic (Metz) OL
39%
Dries Mertens (Utrecht) PSV
33%
Moussa Sissoko (Toulouse) Newcastle
31%
Youssef En-Nesyri (Malaga) Leganes
28%
Pepe Reina (Barcelona) Villarreal
28%
Ozan Kabak (Galatasaray) Stuttgart
25%
Dennis Praet (Anderlecht) Sampdoria
22%
Thorgan Hazard (Lens) Chelsea
19%
Benjamin Lecomte (Lorient) Montpellier
19%
Thiago Silva (Porto) Dynamo Moskwa
17%
Dimitri Payet (Saint-Etienne) Lille
14%
Marcelo (Wisła Kraków) PSV
14%
Simon Kjaer (Lille) Fenerbahce
8%
Idrissa Gueye (Lille) Aston Villa
3%
Michail Antonio (Sheffield Wednesday) Nottingham Forest
3%
Nie znaleziono quizów pasujących do podanych kryteriów
Rozkład punktacji
Procent ludzi z każdym wynikiem
Percentyl według liczby udzielonych odpowiedzi
Twoja historia wyników
Nie rozwiązałeś tego quizu